00616 2200241 4500001002100000005001500021035002000036007000300056008004100059020002200100082000800122084001400130100001700144245004500161250001300206260003800219300003700257650001700294650000900311990001800320990001800338990001800356INLIS00000000000363320260529104201 a0010-0621000165ta260529 0  a978-979-021-451-4 a589 a589 SRI e0 aSri Winarsih1 aEnsiklopedia Dunia Fungi /cSri Winarsih a--Cet--1 a--Jakarta :bBengawan Ilmu,c2010 aiv, 60 hlm. :billus. ;c29,5 cm 4aEnsiklopedia 4aAlam a13826/BR/2010 a13829/BR/2010 a13827/BR/2010